000 00573nam a2200181Ia 4500
008 180921t2005 xxu||||| |||| 00| 0 sin d
041 _asin
080 _a551.28
_bNIA
100 _aNianthi, Reka
245 _aගෝලිය උණුසුමි විම හා දේශගුණික වෙනස් විම
246 _aGlobal warming and climate change
260 _bAuthor Publishing
_c2005
300 _a201p., ill., 20l cm
650 _aClimate
_aMeteorite
_aGlobal warming
942 _cBK
999 _c17481
_d17481
003 LK-CoDNM
040 _aLK-CoDNM
_dLK-CoDNM
_eLK-CoDNM